000 00315nam a22001097a 4500
008 160425b xxu||||| |||| 00| 0 eng d
020 _a0323016111
041 _aeng
080 _a612.39
245 _aMedical surgical nursing:
_cSharon Mantik Lewis; Margaret MeLean Heitkemper; Shannon Fuff Dirksen;
942 _2udc
_cBK
999 _c1563
_d1563